El tratado de paz y amistad (recorte de diario) /

Guardado en:
Formato: Libro
Publicado: : , 1984
Materias:
Fc
Etiquetas: Agregar Etiqueta
Sin Etiquetas, Sea el primero en etiquetar este registro!
LEADER 00411nam a22001575a 4500
001 CEM.cems007771
005 20060214000000.0
008 130507s1984##################000#0#####d
003 CEMS
082 0 4 |a F320.1 
245 0 0 |a El tratado de paz y amistad (recorte de diario) / 
260 |a  :  |b ,  |c 1984 
653 |a Fc 
653 |a Geopolitica 
653 |a Limites 
859 |a CEMS  |b BIB. CEMS - 11 de abril  |h F320.1  |i 8  |p 168.44  |t Ej.1